00326nam a2200121Ia 4500008004100000041000800041082001200049100001600061245004500077260004200122300003100164365000900195240624s9999 xx 000 0 und d aeng a368 KAS aKAST ROBERT aECONOMICS AND FINANCE OF RISK AND OF THE c2006aNew JerseybJohn Wiley and Sons avii, : 232 : p. : cm. ; 25 cb28